000 01105nam a2200265 a 4500
001 000034475
005 20200930073724.0
008 111004s2010 dr ad 001 0 spa d
020 _z9789945416350
040 _aDO-SdBNP
_bspa
_cBNPHU
082 _a378.80
_bR165p
100 1 _aRama, Claudio,
_d1954-
_959913
245 1 0 _aParadigmas emergentes, competencias profesionales y nuevos modelos universitarios en América Latina. /
_cClaudio Rama ; presentación José Andrés Aybar Sánchez.
260 _aSanto Domingo :
_bUNICARIBE,
_c2010.
300 _a344 p. :
_bil., tabls. ;
_c25 cm.
504 _aIncluye bibliografía y notas al pie de páginas.
590 _aInventariado, 2018/ YL
650 4 _aEducación superior
_xFines y objetivos
_zAmérica Latina
_959916
650 4 _aCompetencia en educación
_910347
650 4 _aModelos de enseñanza
_910348
650 4 _aEducación
_xMétodos experimentales
_zAmérica Latina
_959915
700 1 _aAybar Sánchez, José Andrés,
_epresent.
_918786
710 2 _aUniversidad del Caribe (UNICARIBE)
_959912
910 _aValidado. Control de calidad EMS
999 _c33966
_d33966